Multiplce Choice City Quiz — Kuwait City - Statistics

General Stats
  • This quiz has been taken 5 times
  • The average score is 6 of 10
Answer Stats
Question Answer % Correct
What body of water does Kuwait City lie on? Persian Gulf
100%
What is the tallest building in Kuwait City? Al Hamra Tower
80%
What is Souq Al-Mubarakiya? A marketplace
80%
Which island with archaeological ruins lies just off the coast of Kuwait City? Failaka Island
60%
Which prominent tower in Kuwait City is used for telecommunications and observation? Liberation Tower
60%
Which palace located in Kuwait City is used for official government functions and ceremonies? Seif Palace
60%
Which neighborhood in Kuwait City is a major hub for business and finance? Sharq
60%
What is the name of the largest shopping mall in Kuwait City? The Avenues
60%
What is the name of the artificial beach and recreation area in Kuwait City? Messilah Beach
40%
Which museum in Kuwait City contains Islamic manuscripts, jewelry, and calligraphy? Tareq Rajab Museum
40%
No matching quizzes found
Score Distribution
Percent of People with Each Score
Percentile by Number Answered
Your Score History
You have not taken this quiz